| 000 | 00783nam a22002175i 4500 | ||
|---|---|---|---|
| 001 | 174074 | ||
| 003 | ES-MaACL | ||
| 005 | 20250829120103.0 | ||
| 008 | 100212s1937 cu |||| | spa d | ||
| 080 | _a63(729.1) | ||
| 100 | 1 |
_aFrías y Jacott, Francisco _cConde de Pozos Dulces. _9142146 |
|
| 245 | 1 | 0 |
_aReformismo agrario / _cFrancisco de Frías y Jacott (conde de Pozos Dulces). |
| 260 |
_aLa Habana : _bSecretaría de Educación, Dirección de Cultura, _c1937. |
||
| 300 |
_a173 p. ; _c19 cm. |
||
| 490 | 1 |
_aCuadernos de Cultura. Cuarta serie ; _v1 |
|
| 650 | 4 |
_aAgricultura- _zCuba. _9142147 |
|
| 710 | 1 |
_aCuba. _bDirección General de Cultura. _9146958 |
|
| 830 | 1 |
_aCuadernos de cultura _v1 _9181245 |
|
| 852 |
_aES-MaACL _jC-57145 |
||
| 999 |
_c174074 _d174074 |
||